Un Teatre de situacions / Jean-Paul Sartre ; textos escollits, presentats i anotats per Michel Contat i Michel Rybalka ; traducció de Jaume Melendres
Descripción Física:
339 p. ; 21 cm
Colección:
Escrits teòrics ; 2
MARC
| LEADER | 00000nam a2200000Ia 4500 | ||
|---|---|---|---|
| 001 | 10213 | ||
| 008 | 160829s1993 xx 000 0 cat d | ||
| 080 | |a B-1-198 | ||
| 100 | |a Sartre, Jean-Paul |9 19987 |e autor | ||
| 245 | |a Un Teatre de situacions / Jean-Paul Sartre ; textos escollits, presentats i anotats per Michel Contat i Michel Rybalka ; traducció de Jaume Melendres | ||
| 260 | |a Barcelona : |b Diputació de Barcelona. Institut del Teatre, |c 1993 | ||
| 300 | |a 339 p. ; |c 21 cm | ||
| 490 | |a Escrits teòrics ; 2 | ||
| 590 | |a Notes. | ||
| 590 | |a Bibliografia. | ||
| 590 | |a Índex | ||
| 650 | |a Sartre, Jean-Paul |x Teatre |x Reculls d'escrits |9 19988 | ||
| 700 | |a Contat, Michel, ed. |9 19989 |e editor literari | ||
| 700 | |a Rybalka, Michel, ed. |9 19990 |e editor literari | ||
| 700 | |a Melendres, Jaume, |d 1941-2009 |e traductor |9 25255 | ||
| 710 | 1 | |a Institut del Teatre (Barcelona, Catalunya) |9 52662 | |
| 901 | |a Arxiu | ||
| 942 | |n 1 |2 udc | ||
| 952 | |0 0 |1 0 |4 0 |6 B1198 |7 1 |9 41396 |a Arxiu |b Arxiu |d 2016-12-01 |l 0 |o B-1-198 |p 10213 |r 2016-12-01 00:00:00 |w 2016-12-01 |y ARXIU | ||
| 999 | |c 43203 |d 43203 | ||